00724nam a22002297a 450000500170000001000130001702000220003003500130005203700160006504000120008108200110009310000270010424500430013126000320017427000410020630000210024765000390026865000300030794200200033799900190035795201180037620170124110125.0 aA-491393 c00.00a0233986413 aA-491393 bCen Lib/Ret aDPLbEN aNbRAW aRawlinson, Jane931353 aParadise of fools /cby Jane Rawlinson bAndre DeutschaLondonc1991 bLondona105-106 Great Russell Street a252p. c23cm(Hb) aDadd, Richard, -- 1817-1886931354 aFiction in English928291 2ddccENhNmRAW c131279d131279 00104070aLbLd2015-07-14eCen Lib/Retg0.00l0oN RAWpA-491393r2015-07-14 00:00:00t1v0.00w2015-07-14yEN